000 01661nam0a2200325 4500
001 RU\NLR\bibl\1155765
005 20260408193815.0
010 _a978-5-7779-0835-3
_9200
021 _aRU
_b2007-70082
_93765
035 _a(NLR Aleph) 001142541
090 _a1426883
_c1426883
100 _a20071116d2007 |||y0rusy50 ca
101 0 _arus
102 _aRU
105 _ay |||||||||
200 1 _aСтепной край Евразии
_eисторико-культурные взаимодействия и современность
_eтезисы докладов и сообщений V Международной научной конференции
_f[редкол.: д.ист.н. Р.М. Жумашев (отв. ред.) и др.]
210 _aОмск
_cИзд-во ОмГУ
_d2007
215 _a260 с.
_d29
300 _aВ надзаг.: Ом. гос. ун-т им. Ф.М. Достоевского, Караганд. гос. ун-т им. Е.А. Букетова
320 _aБиблиогр. в тексте
607 _aРоссия
_xВзаимоотношения
_yКазахстан
_jСъезды, совещания и т.п.
_3RU\NLR\auth\661342918
_92237790
607 _aКазахстан
_xВзаимоотношения
_yРоссия
_jСъезды, совещания и т.п.
_3RU\NLR\auth\661342920
_92237794
686 _aТ3(5Каз)0-64(2)я431
686 _aТ3(2)0-64(5Каз)я431
702 1 _aЖумашев
_bР. М.
_gРымбек Муратович
_4340
801 0 _aRU
_bNLR
_c20071116
_gRCR
801 1 _aRU
_bNLR
_c20071116
942 _cBOOK
980 _aNB